Statistics for ACF Fiorentina Squad 2021-2022

Click here to take the quiz!

General Stats

  • This quiz has been taken 88 times
    (63 since last reset)
  • The average score is 19 of 30

Answer Stats

#PositionNationPlayer% Correct
69GKPolandBartłomiej Drągowski
92%
4DFSerbiaNikola Milenković
88%
9FWBrazilArthur Cabral
84%
9FWSerbiaDušan Vlahović
84%
19FWPolandKrzysztof Piątek
84%
34MFMoroccoSofyan Amrabat
84%
22FWArgentinaNicolás González
82%
3DFItalyCristiano Biraghi
78%
11FWFranceJonathan Ikoné
78%
5MFItalyGiacomo Bonaventura
76%
7FWSpainJosé Callejón
74%
2DFArgentinaLucas Martínez Quarta
74%
1GKItalyPietro Terracciano
74%
32MFGhanaAlfred Duncan
72%
98DFBrazilIgor
72%
18MFUruguayLucas Torreira
68%
-CoachItaly
Vincenzo Italiano
66%
10MFItalyGaetano Castrovilli
66%
91FWRussiaAleksandr Kokorin
62%
29DFSpainÁlvaro Odriozola
60%
15MFChileErick Pulgar
56%
8MFItalyRiccardo Saponara
56%
14MFMoroccoYoussef Maleh
56%
23DFItalyLorenzo Venuti
54%
33FWItalyRiccardo Sottil
54%
17DFSerbiaAleksa Terzić
44%
55DFSerbiaMatija Nastasić
44%
25GKItalyAntonio Rosati
28%
24MFItalyMarco Benassi
18%
31GKItalyMichele Cerofolini
14%

Score Distribution

Percentile by Number Answered

Percent of People with Each Score

Your Score History

You have not taken this quiz since the last reset